000 00305nam a2200121Ia 4500
008 190216s9999||||xx |||||||||||||| ||und||
100 _aSucha L & Kotrly St
245 0 _aSolution Equilibria In Anlytical Chemistry
260 _bVannostrand
_c1972
300 _a373p
650 _aChemistry
942 _cBK
999 _c2276
_d2276